000 00518nam a2200097Ia 4500
008 170517s9999 xx 000 0 und d
245 4 _aThe Weight of the Nation: Consequences
300 _aThe first film in The Weight of the Nation series examines the scope of the obesity epidemic and explores the serious health consequences of being overweight or obese. The obesity epidemic is a problem that's emerged over the last...
650 _xTechnology.
856 _uhttp://topdocumentaryfilms.com/weight-nation-consequences/
999 _c335132
_d335132